Entry Personal Name
Number of records used in: 1
001 - CONTROL NUMBER
003 - CONTROL NUMBER IDENTIFIER
005 - DATE AND TIME OF LATEST TRANSACTION
- control field:
20230907142820.0
008 - FIXED-LENGTH DATA ELEMENTS
- fixed length control field:
101202n| azannaabn |n aaa
010 ## - LIBRARY OF CONGRESS CONTROL NUMBER
- LC control number:
n 2010078050
035 ## - SYSTEM CONTROL NUMBER
- System control number:
(OCoLC)oca08704218
040 ## - CATALOGING SOURCE
- Original cataloging agency:
DLC
- Language of cataloging:
eng
- Transcribing agency:
DLC
- Modifying agency:
DLC
- Description conventions:
rda
- Modifying agency:
MdRoLAC
046 ## - SPECIAL CODED DATES
- Birth date:
1961-06-16
- Source of date scheme:
edtf
100 1# - HEADING--PERSONAL NAME
- Personal name:
Vakoch, Douglas A.
670 ## - SOURCE DATA FOUND
- Source citation:
Communication with extraterrestrial intelligence (ceti), c2011:
- Information found:
ECIP t.p. (Douglas A. Vakoch)
670 ## - SOURCE DATA FOUND
- Source citation:
LC data base, 12-02-2010:
- Information found:
(hdg.: Vakoch, Douglas A; usage: Douglas A. Vakoch)
670 ## - SOURCE DATA FOUND
- Source citation:
Archaeology, anthropology, and interstellar communication, 2012:
- Information found:
ECIP t.p. (Douglas A. Vakoch) data view (b. June 16, 1961)
670 ## - SOURCE DATA FOUND
- Source citation:
Literature and Ecofeminism, 2018:
- Information found:
ECIP title page (Douglas A. Vakoch) data view (Douglas A. Vakoch is President of METI (Messaging Extraterrestrial Intelligence))